HDEV : Human Development (Record no. 48855)
[ view plain ]
| 000 -LEADER | |
|---|---|
| fixed length control field | 00497nam a22001577a 4500 |
| 008 - FIXED-LENGTH DATA ELEMENTS--GENERAL INFORMATION | |
| fixed length control field | 170221b xxu||||| |||| 00| 0 eng d |
| 020 ## - INTERNATIONAL STANDARD BOOK NUMBER | |
| International Standard Book Number | 9781111519925 |
| 050 ## - LIBRARY OF CONGRESS CALL NUMBER | |
| Classification number | BF 713 |
| Item number | .R38 2012 |
| 100 ## - MAIN ENTRY--PERSONAL NAME | |
| Personal name | Spencer A. Rathus |
| 245 ## - TITLE STATEMENT | |
| Title | HDEV : Human Development |
| Remainder of title | A Student- Tested , Faculty-Approved Approach to Teaching and Learning |
| Statement of responsibility, etc | Spencer A. Rathus |
| 250 ## - EDITION STATEMENT | |
| Edition statement | Instructor Edition |
| 260 ## - PUBLICATION, DISTRIBUTION, ETC. (IMPRINT) | |
| Place of publication, distribution, etc | USA |
| Name of publisher, distributor, etc | Wadsworth |
| Date of publication, distribution, etc | 2012 |
| 300 ## - PHYSICAL DESCRIPTION | |
| Extent | xiii,403p |
| Dimensions | 28cm |
| 500 ## - GENERAL NOTE | |
| General note | includes index |
| 942 ## - ADDED ENTRY ELEMENTS (KOHA) | |
| Source of classification or shelving scheme | Library of Congress Classification |
| Item type | Book |
| Withdrawn status | Lost status | Source of classification or shelving scheme | Damaged status | Not for loan | Collection code | Home library | Current library | Shelving location | Date acquired | Source of acquisition | Cost, normal purchase price | Full call number | Barcode | Copy number | Price effective from | Koha item type |
|---|---|---|---|---|---|---|---|---|---|---|---|---|---|---|---|---|
| Library of Congress Classification | Non-fiction | Bishop Okullu Memorial Library (Limuru Campus) | Bishop Okullu Memorial Library (Limuru Campus) | General Circulation | 21/02/2017 | Donation-BFA | 2000.00 | BF 713 .R38 2012 | 050966 | 1 | 21/02/2017 | Book |